| 000 | 01108cam a22003377a 4500 | ||
|---|---|---|---|
| 003 | CHAP | ||
| 005 | 20220817043138.0 | ||
| 008 | 990813d1987 it r 00010 eng d | ||
| 010 | _a66796 | ||
| 011 | _a67768 | ||
| 020 | _a9251025452 | ||
| 035 | _a77240 | ||
| 040 | _cCHAP | ||
| 082 |
_a639.21822 _bF37y v.18 |
||
| 110 |
_aFAO. General Fisheries Council for the Mediterranean _939568 |
||
| 245 | 1 | 0 |
_aReport of the session (18o.) _c/by FAO. General Fisheries Council for the Mediterranean |
| 260 |
_aRome : _bFAO. General Fisheries Council for the Mediterranean, _c1987. |
||
| 300 | _a55 p. | ||
| 410 | _aFAO | ||
| 490 | 0 |
_aGFCM report _v; 18 |
|
| 590 |
_aBATCH-UPD _b10 _c20130110 _lUCH01 _h1011 |
||
| 590 |
_aBATCH-UPD _b10 _c20130410 _lUCH01 _h0619 |
||
| 590 |
_aBATCH-UPD _b10 _c20130914 _lUCH01 _h1344 |
||
| 590 |
_aCONVERSION _b10 _c20130109 _lUCH01 _h1337 |
||
| 650 | 1 | 4 |
_aPesca _xRegión Mediterránea. _987410 |
| 810 | 0 | _aFAO | |
| 830 | 0 | 0 |
_aGFCM report _v; 18 _947819 |
| 901 | _aBK | ||
| 942 | _cLIBRO | ||
| 949 |
_a639.21822 F37y v.18 _bBC _cFAO _d33724000737284 _eFAO1 _h72665 _i77240 _kDonaciØn _sb |
||
| 999 |
_c66796 _d66796 |
||